01417nam a2200337 a 4500001001200000003000800012006001900020007001500039008004100054010001700095020001500112020001800127020001800145040002100163035002100184050002400205082002000229100002900249245013000278260005800408300002500466504006400491533015200555650004900707650006600756650006800822655002900890710001700919856012600936999001701062ebr10231225CaPaEBRm u cr cn|||||||||810819s1982 mnug sb 001 0 eng d z 81013090  z0816610290 z9780816610297 z9780816663217 aCaPaEBRcCaPaEBR a(OCoLC)23357858814aML3849b.J67 1982eb04a784.3/001/52191 aJorgens, Elise Bickford.14aThe well-tun'd wordh[electronic resource] :bmusical interpretations of English poetry, 1597-1651 /cElise Bickford Jorgens. aMinneapolis :bUniversity of Minnesota Press,cc1982. axx, 298 p. :bmusic. aIncludes bibliographical references (p. 283-288) and index. aElectronic reproduction.bPalo Alto, Calif. :cebrary,d2013.nAvailable via World Wide Web.nAccess may be limited to ebrary affiliated libraries. 0aMusic and literaturexHistoryy17th century. 0aSongs, EnglishzEnglandy17th centuryxHistory and criticism. 0aEnglish poetryyEarly modern, 1500-1700xHistory and criticism. 7aElectronic books.2local2 aebrary, Inc.40uhttp://site.ebrary.com/lib/rucke/Doc?id=10231225zAn electronic book accessible through the World Wide Web; click to view c39614d39614